| 000 | 00394nam a22001697a 4500 | ||
|---|---|---|---|
| 005 | 20160528113124.0 | ||
| 008 | 160528b xxu||||| |||| 00| 0 eng d | ||
| 020 | _a81-203-0959-4 | ||
| 041 | _aeng | ||
| 082 | _b5759 | ||
| 100 |
_aKeegan, Warren J. _91441 |
||
| 245 | _aGlobal Marketing Management | ||
| 260 |
_aNew Delhi _bPHI, |
||
| 300 | _a805 | ||
| 650 |
_aManagement _9241 |
||
| 942 | _cBK | ||
| 999 |
_c2039 _d2038 |
||